000 00560nam a2200181Ia 4500
008 100920s9999 xx 000 0 und d
082 _b106241
_a891.43 न 09
100 _aशुक्ल प्रयाग.
245 _aसाझा समय.
260 _bसुर्य प्रकाशन मंदिर,बीकानेर.
_c2009
300 _a128
_bसाधी
365 _b150
520 _aहिंदी.
630 _aसाझा समय.
650 _aहिंदी.
730 _aसाझा समय.
942 _cBOOK
999 _c746672
_d746669